Top 15 non-English Languages by State (Massachusetts) - Statistics

General Stats
  • This quiz has been taken 13 times
  • The average score is 13 of 15
Answer Stats
Answer % Correct
Arabic
100%
Chinese
100%
French
100%
Hindi
100%
Korean
100%
Portuguese
100%
Spanish
100%
Italian
92%
Polish
92%
Russian
92%
Vietnamese
92%
Greek
85%
Cambodian
62%
Gujarati
62%
French Creole
31%
No matching quizzes found
Score Distribution
Percent of People with Each Score
Percentile by Number Answered
Your Score History
You have not taken this quiz